Co-vulcanisation of EPDM-diene rubber blends in the presence of BIS (diisopropyl) thiophosphoryl disulfide (Record no. 56486)

MARC details
000 -LEADER
fixed length control field 00467nam a2200133Ia 4500
100 ## - MAIN ENTRY--AUTHOR NAME
Personal name Ghosh A K
245 #0 - TITLE STATEMENT
Title Co-vulcanisation of EPDM-diene rubber blends in the presence of BIS (diisopropyl) thiophosphoryl disulfide
260 ## - PUBLICATION, DISTRIBUTION, ETC. (IMPRINT)
Name of publisher RUBCON 2002: Proceedings of the Indian Rubber Conference January 12-13. pp.126-131
650 ## - SUBJECT ADDED ENTRY--TOPICAL TERM
Topical Term Co-vulcanisation
650 ## - SUBJECT ADDED ENTRY--TOPICAL TERM
Topical Term EPDM-diene rubber
700 ## - ADDED ENTRY--PERSONAL NAME
Personal name Basu D K
942 ## - ADDED ENTRY ELEMENTS (KOHA)
Koha item type Journals
Holdings
Withdrawn status Lost status Damaged status Not for loan Home library Current library Shelving location Date acquired Koha item type
      Journals RRII Library RRII Library Rubber chemistry 29/11/2002 Journals